| 000 | 00509nam a2200205Ia 4500 | ||
|---|---|---|---|
| 008 | 170918s9999 xx 000 0 und d | ||
| 020 | _a9780439598415 | ||
| 050 | _bF898 1999 | ||
| 100 | _aFreymann, Saxton | ||
| 245 | _aHow are you peeling? : | ||
| 245 | _bfoods with moods / | ||
| 245 | _cby Saxton Freymann and Joost Elffers. | ||
| 260 | _aNew York : | ||
| 260 | _bScholastic, | ||
| 260 | _c1999 | ||
| 300 | _aunpaged : | ||
| 300 | _bcolored illustration ; | ||
| 300 | _c25cm. | ||
| 500 | _aBR | ||
| 999 |
_c343235 _d343235 |
||